[Event "Rio de Janeiro op"]
[Site "Rio de Janeiro"]
[Date "2022.04.23"]
[Round "5"]
[White "Reboredo, Maximiano Goncalves"]
[Black "Oliveira, Fernando Henrique"]
[Result "1/2-1/2"]
[WhiteElo "2020"]
[BlackElo "2197"]
[PlyCount "168"]
[EventDate "2022.04.21"]
[EventType "swiss"]
[EventRounds "6"]
[EventCountry "BRA"]
[SourceTitle "EXT 2023"]
[Source "ChessBase"]
[SourceDate "2022.10.05"]
[SourceVersion "1"]
[SourceVersionDate "2022.10.05"]
[SourceQuality "1"]

1. e4 c5 2. Nf3 e6 3. d4 cxd4 4. Nxd4 a6 5. Be3 Qc7 6. Be2 Nf6 7. f3 d5 8. Bd3 Bd6 9. g3 h5 10. Qe2 dxe4 11. Bxe4 Nxe4 12. fxe4 Nc6 13. c3 Ne5 14. Nd2 b5 15. a3 Bb7 16. Bf4 h4 17. 0-0-0 0-0-0 18. Bg5 Bxa3 19. bxa3 Rxd4 20. Kb2 Ra4 21. gxh4 Qc5 22. Ra1 f6 23. Be3 Qc7 24. Bd4 Nc6 25. Nb3 e5 26. Bf2 Nd8 27. Nc5 Rc4 28. Qg4+ Kb8 29. Nd7+ Ka8 30. Nb6+ Kb8 31. Nxc4 Qxc4 32. Rhe1 Ne6 33. Qe2 Qc6 34. Rad1 a5 35. Qe3 a4 36. Qd2 Nf4 37. Qd7 Qc4 38. Qd6+ Ka8 39. Qb4 Nd3+ 40. Rxd3 Qxd3 41. Qc5 Kb8 42. Rc1 Qc4 43. Qxc4 bxc4 44. Re1 g5 45. hxg5 fxg5 46. Bg3 Re8 47. Kc2 Kc7 48. Re3 Kd6 49. Kd2 Bc6 50. Re1 Rb8 51. Rf1 Bxe4 52. Rf6+ Kd5 53. Ra6 Rb5 54. Rxa4 Bf5 55. Ke3 Bc8 56. Ra8 Bb7 57. Rd8+ Ke6 58. Re8+ Kf5 59. Rf8+ Ke6 60. Rb8 Rb3 61. Kd2 Rb2+ 62. Kc1 Rb3 63. Re8+ Kf7 64. Rxe5 Rxc3+ 65. Kb2 Rb3+ 66. Kc2 Kf6 67. Rc5 Rd3 68. a4 Bd5 69. Kb2 Rb3+ 70. Kc2 Ke6 71. a5 g4 72. Rc7 Ra3 73. Ra7 Be4+ 74. Kb2 Rb3+ 75. Ka2 Kd5 76. Rd7+ Kc6 77. Rd4 Re3 78. a6 Re2+ 79. Ka3 Bb1 80. Kb4 Kb6 81. Rd6+ Kc7 82. Kxc4 Ra2 83. Kd4 Rd2+ 84. Kc4 Rxd6 1/2-1/2

[Event "Rio de Janeiro op"]
[Site "Rio de Janeiro"]
[Date "2022.04.22"]
[Round "3"]
[White "Oliveira, Fernando Henrique"]
[Black "Oliveira, Tiago Batista"]
[Result "0-1"]
[WhiteElo "2197"]
[BlackElo "2033"]
[PlyCount "88"]
[EventDate "2022.04.21"]
[EventType "swiss"]
[EventRounds "6"]
[EventCountry "BRA"]
[SourceTitle "CBM 207 Extra"]
[Source "ChessBase"]
[SourceDate "2022.05.31"]
[SourceVersion "1"]
[SourceVersionDate "2022.05.31"]
[SourceQuality "1"]

1. d4 Nf6 2. c4 g6 3. Nc3 d5 4. cxd5 Nxd5 5. g3 Bg7 6. Bg2 Nxc3 7. bxc3 c5 8. e3 Qa5 9. Ne2 cxd4 10. exd4 Nc6 11. 0-0 0-0 12. Qb3 Bg4 13. Nf4 e5 14. d5 exf4 15. dxc6 f3 16. Bh1 bxc6 17. Be3 Be6 18. Qc2 Bf5 19. Qb3 Bd3 20. Bxf3 Bxf1 21. Rxf1 Rab8 22. Qc4 Rfc8 23. Rc1 Rb2 24. a4 Qc7 25. h4 Qb7 26. Kg2 Qb3 27. Qa6 Re8 28. Qxa7 Bxc3 29. Bxc6 Rd8 30. Qe7 Rb8 31. Qc5 Bd2 32. Bxd2 Rxd2 33. a5 Qb2 34. Rc4 Rc8 35. Rf4 Rc2 36. Qd5 R2xc6 37. Qxf7+ Kh8 38. h5 Qg7 39. Qd5 Rf6 40. h6 Qe7 41. Re4 Qf7 42. Qe5 Kg8 43. Re2 Rf8 44. Qc5 Rf5 0-1

[Event "Tabapua IRT U2200 1st"]
[Site "Tabapua"]
[Date "2015.11.08"]
[Round "4.1"]
[White "Cintra, Rodrigo Cesar"]
[Black "Oliveira, Fernando Henrique"]
[Result "0-1"]
[WhiteElo "1872"]
[BlackElo "2186"]
[PlyCount "56"]
[EventDate "2015.11.07"]
[EventType "swiss"]
[EventRounds "5"]
[EventCountry "BRA"]
[SourceTitle "EXT 2022"]
[Source "ChessBase"]
[SourceDate "2021.10.06"]
[SourceVersion "1"]
[SourceVersionDate "2021.10.06"]
[SourceQuality "1"]

1. e4 c5 2. Nf3 e6 3. d4 cxd4 4. Nxd4 a6 5. Nc3 Qc7 6. a3 b5 7. Bd2 Bb7 8. Bd3 Bc5 9. Nb3 Ba7 10. Qg4 g6 11. Bf4 e5 12. Bg5 h6 13. Qh4 d6 14. 0-0 Nd7 15. Nd5 Bxd5 16. exd5 Kf8 17. Be3 Kg7 18. g4 Re8 19. Bxa7 Qxa7 20. Rfe1 Ngf6 21. Rad1 Nc5 22. Nxc5 Qxc5 23. b4 Qc3 24. Re3 Nxd5 25. Bxb5 Nxe3 26. fxe3 Qxe3+ 27. Kg2 Qe4+ 28. Kh3 Qf3+ 0-1

[Event "Guaira op 1st"]
[Site "Guaira"]
[Date "2015.10.03"]
[Round "3"]
[White "Arduini, Leonardo Adolfo"]
[Black "Oliveira, Fernando Henrique"]
[Result "0-1"]
[WhiteElo "1665"]
[BlackElo "2186"]
[PlyCount "72"]
[EventDate "2015.10.03"]
[EventType "swiss"]
[EventRounds "5"]
[EventCountry "BRA"]
[SourceTitle "CBM 168 Extra"]
[Source "ChessBase"]
[SourceDate "2015.10.29"]
[SourceVersion "1"]
[SourceVersionDate "2015.10.29"]
[SourceQuality "1"]

1. c4 e5 2. Nc3 Nc6 3. g3 g6 4. Bg2 Bg7 5. e3 h5 6. Nge2 h4 7. h3 hxg3 8. Nxg3 d6 9. b3 Nge7 10. Bb2 Nf5 11. Nce4 Nh4 12. Bf1 f5 13. Nc3 e4 14. Be2 Ne5 15. d4 exd3 16. Bxd3 Qg5 17. Be2 Ng2+ 18. Kf1 Nxe3+ 19. fxe3 Qxg3 20. Nd5 Kd8 21. Qe1 Qxe1+ 22. Kxe1 c6 23. Nf4 g5 24. Nd3 Nxd3+ 25. Bxd3 Bxb2 26. Rd1 Ke7 27. Ke2 Be6 28. Rdf1 Raf8 29. Rf2 Be5 30. Rg2 g4 31. h4 Rh5 32. Ke1 Rfh8 33. Rf1 Rxh4 34. Bxf5 Bxf5 35. Rxf5 Rh1+ 36. Rf1 g3 0-1

[Event "Guaira op 1st"]
[Site "Guaira"]
[Date "2015.10.03"]
[Round "2"]
[White "Oliveira, Fernando Henrique"]
[Black "Silva Braga, Joao Guilherme"]
[Result "1-0"]
[WhiteElo "2186"]
[BlackElo "1654"]
[PlyCount "57"]
[EventDate "2015.10.03"]
[EventType "swiss"]
[EventRounds "5"]
[EventCountry "BRA"]
[SourceTitle "CBM 168 Extra"]
[Source "ChessBase"]
[SourceDate "2015.10.29"]
[SourceVersion "1"]
[SourceVersionDate "2015.10.29"]
[SourceQuality "1"]

1. d4 f5 2. Nf3 e6 3. g3 d5 4. Bg2 c6 5. 0-0 Nf6 6. b3 Bd6 7. Ba3 0-0 8. c4 Qe7 9. Bxd6 Qxd6 10. Ne5 Nbd7 11. Nxd7 Bxd7 12. Nd2 Be8 13. Nf3 Bh5 14. Ne5 Ng4 15. Bf3 Nxe5 16. dxe5 Qxe5 17. Bxh5 f4 18. Bf3 Rf6 19. cxd5 exd5 20. Qd3 Raf8 21. b4 h5 22. b5 fxg3 23. fxg3 h4 24. g4 Rf4 25. bxc6 bxc6 26. Rac1 Rd4 27. Qc3 h3 28. Kh1 Rxf3 29. Qxf3 1-0

[Event "Sao Paulo op-A 3rd"]
[Site "Sao Paulo"]
[Date "2015.09.20"]
[Round "6"]
[White "Caldeira, Adriano"]
[Black "Oliveira, Fernando Henrique"]
[Result "1-0"]
[WhiteElo "2209"]
[BlackElo "2193"]
[PlyCount "73"]
[EventDate "2015.09.17"]
[EventType "swiss"]
[EventRounds "6"]
[EventCountry "BRA"]
[SourceTitle "EXT 2016"]
[Source "ChessBase"]
[SourceDate "2015.10.08"]
[SourceVersion "1"]
[SourceVersionDate "2015.10.08"]
[SourceQuality "1"]

1. e4 c5 2. Nf3 e6 3. d4 cxd4 4. Nxd4 Nc6 5. Nc3 Qc7 6. Be2 a6 7. 0-0 Nf6 8. Kh1 b5 9. a3 Bb7 10. f4 d6 11. Bf3 Be7 12. Be3 0-0 13. Qe2 Na5 14. Rad1 Nc4 15. Bc1 Rfe8 16. Nb3 Rac8 17. Rd3 Nd7 18. g4 Nc5 19. Nxc5 Qxc5 20. Bg2 a5 21. g5 b4 22. axb4 axb4 23. Nd1 Ra8 24. Rh3 g6 25. Nf2 f5 26. gxf6 Bxf6 27. Nd3 Qb5 28. Qf2 Ra1 29. f5 exf5 30. exf5 g5 31. Rg3 h6 32. h4 Kf7 33. hxg5 hxg5 34. Rh3 Rg8 35. Qe2 Bxg2+ 36. Qxg2 Raa8 37. Rh7+ 1-0

[Event "Sao Paulo op-A 3rd"]
[Site "Sao Paulo"]
[Date "2015.09.19"]
[Round "4"]
[White "Mendes, Rodrigo Machado"]
[Black "Oliveira, Fernando Henrique"]
[Result "0-1"]
[WhiteElo "1904"]
[BlackElo "2193"]
[PlyCount "70"]
[EventDate "2015.09.17"]
[EventType "swiss"]
[EventRounds "6"]
[EventCountry "BRA"]
[SourceTitle "EXT 2016"]
[Source "ChessBase"]
[SourceDate "2015.10.08"]
[SourceVersion "1"]
[SourceVersionDate "2015.10.08"]
[SourceQuality "1"]

1. d4 d5 2. Nf3 Nf6 3. Bf4 g6 4. h3 Bg7 5. e3 0-0 6. Be2 c5 7. 0-0 Qb6 8. Qc1 Nc6 9. c3 Bf5 10. Nbd2 Rac8 11. Nb3 Ne4 12. Nfd2 cxd4 13. Nxe4 dxe4 14. exd4 Nxd4 15. Bd1 Nxb3 16. Bxb3 a5 17. Rd1 Be6 18. Qe3 Qc6 19. Re1 f5 20. f3 Bxb3 21. axb3 e5 22. Bg5 exf3 23. gxf3 f4 24. Qf2 Rfe8 25. Bh4 Re6 26. Kh2 b6 27. Re4 Qd7 28. Qc2 Rd6 29. Re2 Rf8 30. Bf2 Rf5 31. Rg1 Rd3 32. Rg4 Qd5 33. Re4 Rd2 34. Rd4 Qxd4 35. cxd4 Rxc2 0-1

[Event "Catanduva Colegiao op 2nd"]
[Site "Catanduva"]
[Date "2015.08.01"]
[Round "4"]
[White "Oliveira, Fernando Henrique"]
[Black "Gloor, Claudio"]
[Result "1-0"]
[WhiteElo "2178"]
[BlackElo "2105"]
[PlyCount "45"]
[EventDate "2015.07.31"]
[EventType "swiss"]
[EventRounds "5"]
[EventCountry "BRA"]
[SourceTitle "EXT 2016"]
[Source "ChessBase"]
[SourceDate "2015.10.08"]
[SourceVersion "1"]
[SourceVersionDate "2015.10.08"]
[SourceQuality "1"]

1. d4 d5 2. c4 Nc6 3. Nc3 e5 4. cxd5 Nxd4 5. e3 Nf5 6. Nf3 Bd6 7. Qb3 a6 8. Ne4 Nf6 9. Nxd6+ cxd6 10. e4 Ne7 11. Qa4+ Bd7 12. Qb4 0-0 13. Be3 Bg4 14. Bb6 Qd7 15. Nd2 Nfxd5 16. exd5 Nxd5 17. Qb3 Be6 18. Bc4 Qc6 19. Bxd5 Bxd5 20. Qe3 Bxg2 21. Rg1 f5 22. f3 f4 23. Qb3+ 1-0

[Event "Catanduva Colegiao op 2nd"]
[Site "Catanduva"]
[Date "2015.07.31"]
[Round "2"]
[White "Oliveira, Fernando Henrique"]
[Black "Nunes Dias, Matheus"]
[Result "1-0"]
[WhiteElo "2178"]
[BlackElo "1701"]
[PlyCount "77"]
[EventDate "2015.07.31"]
[EventType "swiss"]
[EventRounds "5"]
[EventCountry "BRA"]
[SourceTitle "EXT 2016"]
[Source "ChessBase"]
[SourceDate "2015.10.08"]
[SourceVersion "1"]
[SourceVersionDate "2015.10.08"]
[SourceQuality "1"]

1. d4 d5 2. c4 e6 3. Nf3 Nf6 4. g3 Be7 5. Bg2 0-0 6. 0-0 c5 7. Qc2 Qb6 8. cxd5 cxd4 9. dxe6 Bxe6 10. Ng5 Rc8 11. Qd3 Bc4 12. Qd1 Nc6 13. Nd2 Bd5 14. Nde4 Nxe4 15. Nxe4 Rd8 16. b3 Rac8 17. Bb2 Bxe4 18. Bxe4 Bf6 19. Rc1 Ne7 20. Qd3 g6 21. Qf3 Rxc1 22. Rxc1 Rd7 23. Rc4 Bg7 24. h4 Qa5 25. Rc2 Rc7 26. Rxc7 Qxc7 27. Qd3 Qb6 28. h5 a6 29. Kg2 Nc6 30. a3 Qc5 31. hxg6 hxg6 32. b4 Qe7 33. Bd5 Qe5 34. Bb3 Qd6 35. Qc4 Qe7 36. Qd3 Qd6 37. f4 Ne7 38. e4 Kf8 39. Qc4 1-0

[Event "Florianopolis op"]
[Site "Florianopolis"]
[Date "2015.01.17"]
[Round "7"]
[White "Oliveira, Fernando Henrique"]
[Black "Quintiliano Pinto, Renato Rodrigues"]
[Result "1/2-1/2"]
[WhiteElo "2162"]
[BlackElo "2364"]
[PlyCount "66"]
[EventDate "2015.01.14"]
[EventType "swiss"]
[EventRounds "10"]
[EventCountry "BRA"]
[SourceTitle "CBM 164 Extra"]
[Source "ChessBase"]
[SourceDate "2015.03.02"]
[SourceVersion "1"]
[SourceVersionDate "2015.03.02"]
[SourceQuality "1"]

1. d4 d5 2. c4 e6 3. Nf3 c6 4. Nbd2 Nf6 5. g3 Nbd7 6. Bg2 Bd6 7. 0-0 0-0 8. Qc2 Re8 9. Rd1 c5 10. b3 b6 11. e4 cxd4 12. cxd5 Bb7 13. dxe6 fxe6 14. Nxd4 Rc8 15. Nc4 Ba6 16. a4 Bc5 17. Bh3 Bxd4 18. Rxd4 Bxc4 19. Rxc4 Rxc4 20. Qxc4 Nc5 21. Bg5 Ncxe4 22. Bxe6+ Kh8 23. Qxe4 Nxe4 24. Bxd8 Rxd8 25. Re1 Nc5 26. Bc4 g6 27. Kg2 Rd7 28. h4 Kg7 29. Re8 h5 30. Kh3 Kf6 31. Re3 Rc7 32. Bd5 Rd7 33. Bc4 Rc7 1/2-1/2

[Event "Florianopolis op"]
[Site "Florianopolis"]
[Date "2015.01.16"]
[Round "5"]
[White "Oliveira, Fernando Henrique"]
[Black "Dos Reis, Nicolas Rodrigues"]
[Result "1/2-1/2"]
[WhiteElo "2162"]
[BlackElo "1870"]
[PlyCount "48"]
[EventDate "2015.01.14"]
[EventType "swiss"]
[EventRounds "10"]
[EventCountry "BRA"]
[SourceTitle "CBM 164 Extra"]
[Source "ChessBase"]
[SourceDate "2015.03.02"]
[SourceVersion "1"]
[SourceVersionDate "2015.03.02"]
[SourceQuality "1"]

1. d4 Nf6 2. c4 g6 3. Nc3 Bg7 4. Nf3 0-0 5. Bf4 d6 6. h3 Nc6 7. e3 Nd7 8. Be2 e5 9. Bh2 f5 10. 0-0 g5 11. d5 Ncb8 12. Rb1 a5 13. a3 h5 14. Nd2 g4 15. hxg4 hxg4 16. e4 Qh4 17. exf5 Nf6 18. Bg3 Qg5 19. Nde4 Qxf5 20. f3 Nxe4 21. fxe4 Qg6 22. Rxf8+ Bxf8 23. c5 Bh6 24. Qd3 Bd7 1/2-1/2

[Event "World University-ch 13th"]
[Site "Katowice"]
[Date "2014.08.20"]
[Round "5"]
[White "Oliveira, Fernando Henrique"]
[Black "Nenezic, Marko"]
[Result "0-1"]
[WhiteElo "2178"]
[BlackElo "2430"]
[PlyCount "84"]
[EventDate "2014.08.18"]
[EventType "swiss"]
[EventRounds "9"]
[EventCountry "POL"]
[SourceTitle "CBM 161 Extra"]
[Source "ChessBase"]
[SourceDate "2014.08.29"]
[SourceVersion "1"]
[SourceVersionDate "2014.08.29"]
[SourceQuality "1"]

1. d4 Nf6 2. c4 g6 3. Nc3 Bg7 4. Nf3 0-0 5. h3 d5 6. Bf4 c5 7. dxc5 Qa5 8. Rc1 dxc4 9. e3 Qxc5 10. Qa4 Nh5 11. Qxc4 Qxc4 12. Bxc4 Nxf4 13. exf4 Nc6 14. 0-0 Bd7 15. Bd5 Rfd8 16. Rfe1 e6 17. Bxc6 Bxc6 18. Ne5 Bxe5 19. fxe5 Rd2 20. b4 a6 21. a4 Rd4 22. b5 Be8 23. Re4 Rad8 24. f3 axb5 25. axb5 Kg7 26. Kh2 Rxe4 27. Nxe4 Bxb5 28. Rc7 Rd7 29. Rc8 Rd5 30. f4 Rd4 31. Nf6 Rxf4 32. Rg8+ Kh6 33. Kg3 Kg5 34. Rg7 h5 35. h4+ Rxh4 36. Rxf7 Rc4 37. Nh7+ Kh6 38. Nf8 Bc6 39. Rf6 Rg4+ 40. Kf2 Rxg2+ 41. Kf1 Rg5 42. Nxe6 Rxe5 0-1

[Event "World University-ch 13th"]
[Site "Katowice"]
[Date "2014.08.19"]
[Round "3"]
[White "Oliveira, Fernando Henrique"]
[Black "Belous, Vladimir"]
[Result "0-1"]
[WhiteElo "2178"]
[BlackElo "2578"]
[PlyCount "74"]
[EventDate "2014.08.18"]
[EventType "swiss"]
[EventRounds "9"]
[EventCountry "POL"]
[SourceTitle "CBM 161 Extra"]
[Source "ChessBase"]
[SourceDate "2014.08.29"]
[SourceVersion "1"]
[SourceVersionDate "2014.08.29"]
[SourceQuality "1"]

1. d4 Nf6 2. c4 g6 3. Nc3 Bg7 4. Nf3 0-0 5. e4 d6 6. Be2 Na6 7. 0-0 e5 8. Be3 Ng4 9. Bg5 Qe8 10. Re1 f6 11. Bh4 Nh6 12. a3 Nf7 13. dxe5 dxe5 14. b4 c6 15. Qc2 Nc7 16. Rad1 Ne6 17. Bg3 Nfg5 18. Qd3 Nxf3+ 19. Bxf3 Nd4 20. Ne2 Nxf3+ 21. Qxf3 Be6 22. Qc3 Qf7 23. c5 Rad8 24. Nc1 Rd7 25. Rd6 Rfd8 26. Red1 Rxd6 27. cxd6 Bf8 28. Qe3 Qc7 29. f4 Rxd6 30. Rf1 Bh6 31. Qxa7 exf4 32. Bf2 Rd2 33. Qc5 Qe5 34. Qxe5 fxe5 35. Be1 Rd4 36. Bc3 Rxe4 37. Rd1 Bd5 0-1

[Event "Anapolis Liga University"]
[Site "Anapolis"]
[Date "2014.05.31"]
[Round "7.1"]
[White "Amorim, Daniel Madson De Me"]
[Black "Oliveira, Fernando Henrique"]
[Result "0-1"]
[WhiteElo "2184"]
[BlackElo "2136"]
[PlyCount "166"]
[EventDate "2014.05.28"]
[EventType "swiss"]
[EventRounds "7"]
[EventCountry "BRA"]
[SourceTitle "EXT 2022"]
[Source "ChessBase"]
[SourceDate "2021.10.06"]
[SourceVersion "1"]
[SourceVersionDate "2021.10.06"]
[SourceQuality "1"]

1. d4 g6 2. Nf3 Bg7 3. Bg5 d6 4. c3 Nf6 5. Nbd2 0-0 6. e4 c5 7. dxc5 dxc5 8. Bc4 Nc6 9. Qe2 Qc7 10. 0-0 Na5 11. Bd3 e5 12. Nc4 Nxc4 13. Bxc4 h6 14. Bxf6 Bxf6 15. h3 Kg7 16. Rfd1 h5 17. Nh2 Qe7 18. Nf1 Bg5 19. Ne3 Bxe3 20. Qxe3 b6 21. a4 Rb8 22. Rd2 Bb7 23. Rad1 Rfd8 24. f3 Bc6 25. b3 Rxd2 26. Qxd2 Rb7 27. Qd6 Rd7 28. Qxe7 Rxe7 29. Rd6 Rc7 30. Bb5 Bb7 31. Kf2 Kf8 32. Rd8+ Ke7 33. Rb8 Bc8 34. Bc4 Be6 35. Bxe6 Kxe6 36. Ra8 Kf6 37. g3 Ke6 38. f4 exf4 39. gxf4 c4 40. b4 Rd7 41. Rc8 Rd2+ 42. Ke1 Rh2 43. Rxc4 Rxh3 44. Ke2 Rh2+ 45. Kf3 Ra2 46. b5 Ra3 47. Kg3 Kf6 48. Kf3 Ra2 49. e5+ Ke6 50. Rc6+ Kd7 51. Rc4 Ke6 52. Rd4 Ra3 53. Rc4 Ra1 54. Rc6+ Kd7 55. Rd6+ Ke7 56. Rd4 f6 57. Ke4 fxe5 58. Kxe5 h4 59. f5 Re1+ 60. Kf4 gxf5 61. Kxf5 h3 62. Rh4 Re3 63. Rh6 Rxc3 64. Ke5 Kf7 65. Kd5 Kg7 66. Rh4 Kg6 67. Kd4 Rg3 68. Kd5 Rg5+ 69. Kc6 Rh5 70. Rg4+ Kf5 71. Rg1 h2 72. Rf1+ Kg4 73. Kb7 Rh7+ 74. Ka6 Kg3 75. Rc1 Rf7 76. Rc3+ Kg4 77. Rc1 Rh7 78. Rh1 Kg3 79. Rc1 Kf4 80. Rh1 Ke5 81. a5 bxa5 82. Kxa5 Rh6 83. Re1+ Kf4 0-1

[Event "Sao Sebastiao op"]
[Site "Sao Sebastiao do Paraiso"]
[Date "2013.10.06"]
[Round "5"]
[White "Oliveira, Fernando Henrique"]
[Black "Deus Filho, Joaquim"]
[Result "1-0"]
[WhiteElo "2117"]
[BlackElo "2011"]
[PlyCount "93"]
[EventDate "2013.10.04"]
[EventType "swiss"]
[EventRounds "6"]
[EventCountry "BRA"]
[SourceTitle "EXT 2014"]
[Source "ChessBase"]
[SourceDate "2013.11.20"]
[SourceVersion "1"]
[SourceVersionDate "2013.11.20"]
[SourceQuality "1"]

1. d4 e6 2. c4 b6 3. Nc3 Bb4 4. e3 Bxc3+ 5. bxc3 Bb7 6. Nf3 f5 7. Bd3 Nf6 8. 0-0 0-0 9. Nd2 d6 10. Qe2 Ne4 11. Bxe4 fxe4 12. Qg4 Rf6 13. Nxe4 Rg6 14. Qf4 e5 15. dxe5 dxe5 16. Qf5 Nc6 17. Ng3 Qd6 18. a4 Ne7 19. Qc2 Qc6 20. e4 Qxc4 21. Rd1 Bc6 22. a5 a6 23. Be3 b5 24. Rab1 Rxg3 25. Rb4 Bxe4 26. Qxe4 Qxe4 27. Rxe4 Rg6 28. Rxe5 Nc6 29. Rc5 Rc8 30. h4 Nxa5 31. Rd7 Rc6 32. Rg5 Rg6 33. Rc5 c6 34. Ra7 Nc4 35. Bd4 h5 36. Rxa6 Rc7 37. Rxh5 Kf7 38. Rf5+ Kg8 39. Kh2 Nd6 40. Ra8+ Rc8 41. Rxc8+ Nxc8 42. Rc5 Nd6 43. Re5 Kf7 44. h5 Rf6 45. g4 Nc8 46. g5 Rf3 47. g6+ 1-0

[Event "Americana Paulista op"]
[Site "Americana"]
[Date "2013.09.22"]
[Round "5"]
[White "Chih, Lee Hung"]
[Black "Oliveira, Fernando Henrique"]
[Result "0-1"]
[WhiteElo "1997"]
[BlackElo "2116"]
[PlyCount "94"]
[EventDate "2013.09.20"]
[EventType "swiss"]
[EventRounds "6"]
[EventCountry "BRA"]
[SourceTitle "CBM 156 Extra"]
[Source "ChessBase"]
[SourceDate "2013.10.22"]
[SourceVersion "1"]
[SourceVersionDate "2013.10.22"]
[SourceQuality "1"]

1. e4 c5 2. Nf3 e6 3. d4 cxd4 4. Nxd4 a6 5. Bd3 Bc5 6. Nb3 Be7 7. Nc3 d6 8. Qg4 g6 9. Qf3 Nc6 10. Bf4 Ne5 11. Bxe5 dxe5 12. 0-0-0 Qc7 13. h4 Nf6 14. g4 h5 15. g5 Nd7 16. Kb1 b5 17. Ne2 Bb7 18. Rhf1 b4 19. Rd2 0-0 20. Ng3 Kg7 21. Rg1 Rh8 22. Rgd1 Bc6 23. Qe2 Qb6 24. Bc4 Ra7 25. Rf1 a5 26. f4 exf4 27. Rxf4 Qg1+ 28. Nf1 Ne5 29. Nd4 Rc8 30. Nf3 Nxf3 31. Qxf3 Be8 32. e5 Rac7 33. Bd3 a4 34. Rd1 b3 35. cxb3 axb3 36. Qf2 bxa2+ 37. Kxa2 Qxf2 38. Rxf2 Ra7+ 39. Kb1 Ra5 40. Re2 Rca8 41. Nd2 Ra1+ 42. Kc2 Ba4+ 43. b3 Rc8+ 44. Kb2 Rxd1 45. bxa4 Bb4 46. Ba6 Ra8 47. Kc2 Rxd2+ 0-1

[Event "Americana Paulista op"]
[Site "Americana"]
[Date "2013.09.20"]
[Round "1"]
[White "Oliveira, Fernando Henrique"]
[Black "Squincalha, Pedro Guilherme"]
[Result "1-0"]
[WhiteElo "2116"]
[BlackElo "1758"]
[PlyCount "47"]
[EventDate "2013.09.20"]
[EventType "swiss"]
[EventRounds "6"]
[EventCountry "BRA"]
[SourceTitle "CBM 156 Extra"]
[Source "ChessBase"]
[SourceDate "2013.10.22"]
[SourceVersion "1"]
[SourceVersionDate "2013.10.22"]
[SourceQuality "1"]

1. d4 Nf6 2. c4 g6 3. Nc3 c5 4. d5 d6 5. g3 e6 6. Bg2 exd5 7. cxd5 Bg7 8. Nf3 0-0 9. 0-0 Nbd7 10. h3 Ne8 11. a4 Rb8 12. Nd2 Ne5 13. Qc2 Nc7 14. f4 Nd7 15. Nc4 Nf6 16. e4 Re8 17. Kh2 Na6 18. Nb5 Nb4 19. Qb1 Nxe4 20. Bxe4 Bxh3 21. Kxh3 Qd7+ 22. Kg2 Qg4 23. Nbxd6 Bd4 24. Ne3 1-0

[Event "Maringa op 3rd"]
[Site "Maringa"]
[Date "2013.07.27"]
[Round "6"]
[White "Cavalcanti, Francisco de Assis"]
[Black "Oliveira, Fernando Henrique"]
[Result "1/2-1/2"]
[WhiteElo "2289"]
[BlackElo "2116"]
[PlyCount "86"]
[EventDate "2013.07.24"]
[EventType "swiss"]
[EventRounds "8"]
[EventCountry "BRA"]
[SourceTitle "CBM 155 Extra"]
[Source "ChessBase"]
[SourceDate "2013.08.26"]
[SourceVersion "1"]
[SourceVersionDate "2013.08.26"]
[SourceQuality "1"]

1. d4 d5 2. Nf3 Nf6 3. c4 c6 4. Nc3 dxc4 5. a4 Bf5 6. e3 e6 7. Bxc4 Bb4 8. 0-0 0-0 9. Qe2 Bg6 10. Ne5 Nbd7 11. Nxg6 hxg6 12. Rd1 Qe7 13. e4 e5 14. d5 cxd5 15. Nxd5 Nxd5 16. Bxd5 Nb6 17. Bb3 Rfd8 18. a5 Rxd1+ 19. Qxd1 Nd7 20. Qg4 Nf8 21. Bg5 Qc7 22. a6 bxa6 23. g3 Rb8 24. Rc1 Qd6 25. Bd5 Bc5 26. b4 Rxb4 27. Qc8 Rb5 28. Qe8 Qd7 29. Qxd7 Nxd7 30. Bc6 Ba3 31. Ra1 Bb2 32. Bxb5 axb5 33. Rxa7 Nc5 34. Ra8+ Kh7 35. Ra5 Nxe4 36. Rxb5 Bd4 37. Be3 Bxe3 38. fxe3 f6 39. Kg2 g5 40. Kf3 Nd6 41. Rd5 Nf5 42. Ke4 Kg6 43. Rd2 g4 1/2-1/2

[Event "Maringa op 3rd"]
[Site "Maringa"]
[Date "2013.07.27"]
[Round "7"]
[White "Oliveira, Fernando Henrique"]
[Black "Feliciano Ebert, Vanessa"]
[Result "0-1"]
[WhiteElo "2116"]
[BlackElo "2247"]
[PlyCount "64"]
[EventDate "2013.07.24"]
[EventType "swiss"]
[EventRounds "8"]
[EventCountry "BRA"]
[SourceTitle "CBM 155 Extra"]
[Source "ChessBase"]
[SourceDate "2013.08.26"]
[SourceVersion "1"]
[SourceVersionDate "2013.08.26"]
[SourceQuality "1"]

1. d4 Nf6 2. c4 g6 3. Nc3 Bg7 4. Nf3 d6 5. h3 0-0 6. Bf4 Nc6 7. e3 Nd7 8. Be2 e5 9. Bh2 f5 10. 0-0 Kh8 11. a3 g5 12. d5 Ncb8 13. Rc1 a5 14. b4 Na6 15. Qb3 Qf6 16. c5 axb4 17. axb4 dxc5 18. Bxa6 Rxa6 19. bxc5 e4 20. Nd4 Nxc5 21. Qc4 Nd3 22. Ra1 Rxa1 23. Rxa1 c5 24. dxc6 bxc6 25. Ra8 c5 26. Nd5 Qf7 27. Nb5 Be6 28. Rxf8+ Qxf8 29. Bd6 Qa8 30. Nbc7 Qa1+ 31. Kh2 Be5+ 32. Bxe5+ Qxe5+ 0-1

[Event "BRA-ch U20"]
[Site "Paranavai"]
[Date "2013.06.15"]
[Round "5"]
[White "Garkauskas, Otto Dmitry"]
[Black "Oliveira, Fernando Henrique"]
[Result "1-0"]
[WhiteElo "2084"]
[BlackElo "2128"]
[PlyCount "103"]
[EventDate "2013.06.13"]
[EventType "swiss"]
[EventRounds "7"]
[EventCountry "BRA"]
[SourceTitle "CBM 155 Extra"]
[Source "ChessBase"]
[SourceDate "2013.08.26"]
[SourceVersion "1"]
[SourceVersionDate "2013.08.26"]
[SourceQuality "1"]

1. d4 d5 2. c4 c6 3. Nf3 Nf6 4. Nc3 dxc4 5. a4 Bf5 6. e3 e6 7. Ne5 Nbd7 8. Nxd7 Qxd7 9. Bxc4 Bd6 10. Qe2 Bg6 11. f3 0-0 12. 0-0 Rad8 13. e4 e5 14. d5 cxd5 15. Nxd5 Nxd5 16. Bxd5 Rc8 17. Be3 Bc5 18. Bxc5 Rxc5 19. b4 Rc7 20. a5 Rfc8 21. Ra2 Qe7 22. b5 Rc1 23. g3 R1c5 24. a6 bxa6 25. bxa6 h5 26. Qf2 h4 27. gxh4 Qf6 28. f4 Rc1 29. f5 Bh5 30. Rxc1 Rxc1+ 31. Kg2 Rc3 32. Qd2 Bf3+ 33. Kg3 Rc7 34. Kxf3 Qxh4 35. Kg2 Qg4+ 36. Kh1 Qf3+ 37. Kg1 Qg4+ 38. Kf2 Qh4+ 39. Kf1 Qh3+ 40. Ke1 Qh4+ 41. Kf1 Qh3+ 42. Kg1 Rc3 43. Ra1 Qg4+ 44. Qg2 Qf4 45. Rf1 Rc1 46. Bb7 Qe3+ 47. Qf2 Qg5+ 48. Kh1 Rc3 49. Rg1 Qh5 50. Qg2 g6 51. fxg6 f6 52. g7 1-0